Statistiques concernant 10 principaux pays touchés par Covid-19 - 26 avril

Cliquez ici pour prendre le quiz!

Statistiques générales

  • Ce quiz a été pris 39 fois
  • Le résultat moyen est 10 sur 16

Statistiques - réponses

pays% Correct
Chine
100%
France
97%
Allemagne
94%
Etats-Unis
89%
Italie
86%
Espagne
83%
Royaume-Uni
80%
Russie
66%
Belgique
63%
Portugal
54%
Suisse
46%
Iran
37%
Turquie
31%
Irlande
26%
Singapour
14%
Qatar
0%

Distribution des résultats

Percentile par nombre de réponses

% des personnes avec chaque résultat

Votre développement - résultats

Vous n’avez pas pris ce quiz